| 000 -ლიდერი |
| ფიქსირებული სიგრძის საკონტროლო ველი |
01768nam a2200313Ia 4500 |
| 001 - საკონტროლო ნომერი |
| საკონტროლო ველი |
6615 |
| 003 - საკონტროლო ნომრის იდენტიფიკატორი |
| საკონტროლო ველი |
GE_BSU |
| 005 - ბოლო ოპერაციის თარიღი და დრო |
| საკონტროლო ველი |
20191210173147.0 |
| 008 - ფიქსირებული სიგრძის მონაცემთა ელემენტები - ზოგადი ინფორმაცია |
| ფიქსირებული სიგრძის საკონტროლო ველი |
181216s2011||||ge |||||||||||||| ||geo|| |
| 020 ## - წიგნის საერთაშორისო სტანდარტული ნომერი |
| International Standard Book Number |
9789941039355 |
| 040 ## - კატალოგიზაციის წყარო |
| Transcribing agency |
GE_BSU |
| 041 ## - ენის კოდი |
| Language code of text/sound track or separate title |
geo |
| 080 ## - უნივერსალური ათობითი კლასიფიკაციის ინდექსი |
| Universal Decimal Classification number |
821.353.1.092 ა-40 |
| 245 ## - ცნობა სათაურის შესახებ |
| Title |
აკაკი წერეთელი 170 საიუბილეო კრებული = Akaki Tsereteli 170 : |
| Remainder of title |
საიუბილეო კრებული / |
| Statement of responsibility, etc |
შოთა რუსთაველის ქართ. ლიტ. ინ-ტი ; რედ. ირმა რატიანი ; მხატვ. ნოდარ სუმბაძე. |
| 264 ## - წარმოების, გამოცემის, დისტრიბუციის და სხვა ცნობები |
| გამოცემის, წარმოების, დისტრიბუციის... ადგილი |
თბილისი : |
| გამოცემის, წარმოების, დისტრიბუციის... სახელწოდება |
ლიტ-რის ინ-ტის გამ-ბა, |
| გამოცემის, წარმოების, დისტრიბუციის... თარიღი |
2011. |
| 300 ## - ფიზიკური აღწერა |
| Extent |
269 გვ.; |
| Other physical details |
20 სმ. |
| 500 ## - ზოგადი შენიშვნა |
| General note |
პარალ. თავფურ. ინგლ. |
| 501 ## - შენიშვნა თანმხლებ მასალაზე |
| With note |
პირთა საძ.: გვ. 262-268. |
| 504 ## - BIBLIOGRAPHY, ETC. NOTE |
| Bibliography, etc |
ბიბლიოგრ. ტექსტ. შენიშვნ. |
| 600 ## - SUBJECT ADDED ENTRY--PERSONAL NAME |
| Personal name |
წერეთელი აკაკი |
| 9 (RLIN) |
5776 |
| 653 ## - INDEX TERM--UNCONTROLLED |
| Uncontrolled term |
ქართული ლიტერატურის ისტორია და კრიტიკა |
| 700 ## - ADDED ENTRY--PERSONAL NAME |
| Personal name |
აბზიანიძე, ზაზა |
| Relator term |
ავტორი |
| 9 (RLIN) |
2005 |
| 700 ## - ADDED ENTRY--PERSONAL NAME |
| Personal name |
ევგენიძე, იუზა |
| Relator term |
ავტორი |
| 9 (RLIN) |
5769 |
| 700 ## - ADDED ENTRY--PERSONAL NAME |
| Personal name |
ფრუიძე, ნანა და სხვ. |
| Relator term |
ავტორი |
| 9 (RLIN) |
5777 |
| 700 ## - ADDED ENTRY--PERSONAL NAME |
| Personal name |
რატიანი, ირმა |
| Relator term |
რედაქტორი |
| 9 (RLIN) |
5778 |
| 700 ## - ADDED ENTRY--PERSONAL NAME |
| Personal name |
სუმბაძე, ნოდარ |
| Relator term |
მხატვარი |
| 9 (RLIN) |
5779 |
| 710 ## - ADDED ENTRY--CORPORATE NAME |
| Corporate name or jurisdiction name as entry element |
შოთა რუსთაველის ქართ. ლიტ. ინ-ტი |
| 9 (RLIN) |
5780 |
| 942 ## - ADDED ENTRY ELEMENTS (KOHA) |
| Koha item type |
წიგნი |
| Source of classification or shelving scheme |
|